अखा (Record no. 1017154)

MARC details
000 -LEADER
fixed length control field 01148nam a2200289Ia 4500
003 - CONTROL NUMBER IDENTIFIER
control field OSt
005 - DATE AND TIME OF LATEST TRANSACTION
control field 20221005105854.0
008 - FIXED-LENGTH DATA ELEMENTS--GENERAL INFORMATION
fixed length control field GUJ
020 ## - INTERNATIONAL STANDARD BOOK NUMBER
International Standard Book Number 8172012829 (pbk)
037 ## - SOURCE OF ACQUISITION
Terms of availability Textual
040 ## - CATALOGING SOURCE
Original cataloging agency CRL
Transcribing agency CRL
Language of cataloging GUJ
041 ## - LANGUAGE CODE
Source of code GUJ
Language code of text/sound track or separate title GUJ
100 ## - MAIN ENTRY--PERSONAL NAME
Personal name त्रिवेदी, भूपेन्द्र बालकृष्ण
9 (RLIN) 623958
245 #0 - TITLE STATEMENT
Title अखा
246 ## - VARYING FORM OF TITLE
Title proper/short title Akhā
260 ## - PUBLICATION, DISTRIBUTION, ETC.
Place of publication, distribution, etc. नई दिल्ली
Name of publisher, distributor, etc. साहित्य अकादेमी भारत
Date of publication, distribution, etc. 1993
300 ## - PHYSICAL DESCRIPTION
Extent 84पृ0
Dimensions cm.
490 ## - SERIES STATEMENT
Series statement भारतीय साहित्य के निर्माता
650 ## - SUBJECT ADDED ENTRY--TOPICAL TERM
Topical term or geographic name entry element गुजराती साहित्य
700 ## - ADDED ENTRY--PERSONAL NAME
Personal name पटेल, भोला भाई, अनु.
9 (RLIN) 623959
942 ## - ADDED ENTRY ELEMENTS (KOHA)
Classification part O156,1J91:g, 152N3
Koha item type Textual
Source of classification or shelving scheme
Holdings
Withdrawn status Lost status Damaged status Not for loan Home library Current library Date acquired Source of acquisition Cost, normal purchase price Total Checkouts Full call number Barcode Date last seen Cost, replacement price Price effective from Koha item type
        Central Library Central Library 2022-10-05 531, 19/03/2009, Vani Prakashan 75.00   O156,1J91:g 152N3 CL1399235 2022-10-05 75.00 2022-10-05 Textual
Copyright @ Delhi University Library System